| 000 -CABECERA |
| fixed length control field |
01162nam a22002297a 4500 |
| 003 - IDENTIFICADOR DEL NÚMERO DE CONTROL |
| control field |
AR-CdUCM |
| 008 - DATOS DE LONGITUD FIJA--INFORMACIÓN GENERAL |
| fixed length control field |
190425b ||||| |||| 00| 0 spa d |
| 040 ## - FUENTE DE LA CATALOGACIÓN |
| Agencia/entidad que catalogó originalmente la obra |
MUNICIPALIDAD PROVINCIAL DEL CUSCO |
| Entidad que transcribió la catalogación |
BIBLIOTECA MUNICIPAL DEL CUSCO |
| 082 ## - NÚMERO DE LA CLASIFICACIÓN DECIMAL DEWEY |
| No. de Clasificación |
Amaru/N°1/2000 |
| 110 ## - ENTRADA PRINCIPAL--NOMBRE DE ENTIDAD CORPORATIVA |
| Nombre de la institución, jurisdicción como entrada principal |
Universidad Nacional de San Antonio Abad del Cusco |
| 9 (RLIN) |
15942 |
| 245 ## - MENCIÓN DE TÍTULO |
| Título |
Amaru : |
| Resto del título |
Revista de investigación Jurídica / |
| 260 ## - PUBLICACIÓN, DISTRIBUCIÓN, ETC. |
| Lugar de publicación, distribución, etc. |
Cusco. |
| Nombre de la editorial, distribuidor, etc. |
Misión de las facultades de Derecho del Perú, |
| Fecha de publicación, distribución, etc. |
2000. |
| 300 ## - DESCRIPCIÓN FÍSICA |
| Nº de Páginas Extensión |
29 páginas. : |
| Otros detalles físicos |
ilustraciones ; |
| Dimensiones |
30 cm. |
| 440 ## - MENCIÓN DE SERIE/PUNTO DE ACCESO ADICIONAL--TÍTULO |
| Título |
Amaru revista de investigación Jurídica. |
| Número de la parte/sección de una obra |
Tercer milenio, UNSAAC, Número 1. |
| 9 (RLIN) |
47087 |
| 505 ## - NOTA DE CONTENIDO CON FORMATO |
| Nota de contenido formateada |
Contenido: Tauqamarka responsabilidad penal de un desayuno. Gustavo Cáceres. -- El recurso de revisión. Gudriel Díaz. -- Participación democrática en Waqoto. Luis Alberto Ayquipa. -- El teleférico de Machupicchu. Inés Béjar. -- La prueba del ADN. Juan Cesar Callahue. -- El debido proceso de desalojo. Andrés Galindo... |
| 650 ## - PUNTO DE ACCESO ADICIONAL DE MATERIA--TÉRMINO DE MATERIA |
| Descriptor |
Derecho peruano |
| 9 (RLIN) |
21203 |
| 650 ## - PUNTO DE ACCESO ADICIONAL DE MATERIA--TÉRMINO DE MATERIA |
| Descriptor |
Ciencia jurídicas |
| 9 (RLIN) |
47088 |
| 650 ## - PUNTO DE ACCESO ADICIONAL DE MATERIA--TÉRMINO DE MATERIA |
| Descriptor |
Siglo XX |
| 9 (RLIN) |
47089 |
| 700 ## - PUNTO DE ACCESO ADICIONAL--NOMBRE DE PERSONA |
| Nombre Personal |
Torre Rueda, Juan |
| 9 (RLIN) |
47090 |
| 942 ## - ELEMENTOS DE PUNTO DE ACCESO ADICIONAL (KOHA) |
| Fuente de clasificación |
|
| Tipo de item |
Revistas cusqueñas |
| 945 ## - PROCESAMIENTO DE INFORMACIÓN LOCAL (OCLC) |
| Catalogador |
rac |